Disminución del tiempo de respuesta en base al aumento de la capacidad de una empresa manufacturera de la zona metropolitana de Guadalajara /

Guardado en:
Detalles Bibliográficos
Autor principal: Salazar Corral, Gerardo (autor)
Otros autores: Ramírez López, David Cristian (autor) (autor)
Formato: Tesis Libro
Idioma:Español
Temas:
Etiquetas: Agrega una etiqueta
Sin etiquetas, Sé el primero en etiquetar este registro!

MARC

LEADER 00000nam^a2200000^a^4500
001 000183532
005 20250521000000.0
009 20260310102044.681
037 |a Acervo ITESO - Biblioteca 
041 |a ESP 
090 |a IIN. 518 
100 |a Salazar Corral, Gerardo  |e (autor) 
245 1 0 |a Disminución del tiempo de respuesta en base al aumento de la capacidad de una empresa manufacturera de la zona metropolitana de Guadalajara /  |c G. Salazar Corral, D.C. Ramírez López. 
264 |a Guadalajara, México :  |b edición de autor,  |c 2005 
300 |a 1 disco compacto de computadora 
336 |a datos para computadora  |b cod  |2 rdacontenido 
337 |a computadora  |b c  |2 rdamedio 
338 |a disco de computadora  |b cd  |2 rdasoporte 
502 |a ITESO Tesis de Licenciatura en Ingeniería Industrial 
649 |a XX 
650 |a Productividad 
650 |a Costos de Operación 
650 |a Calidad del Producto 
650 |a Control de Procesos 
650 |a Control de Calidad 
650 |a Tiempos y Movimientos 
650 |a Planeación Administrativa 
650 |a Proceso de Producción 
650 |a Administración del Producto 
650 |a Ingeniería Industrial 
700 |a Ramírez López, David Cristian  |e (autor) 
910 |a Fondo General 
920 |a Electrónicos - Tesis del ITESO en Disco 
905 |a 202 
901 |a 0500124168  |b IT2  |c STS  |u 20250521 
902 |a https://opac.biblio.iteso.mx/vufind/Record/000183532